[Event "GER T278-C31-S email"]
[Site "GER email"]
[Date "2018.05.28"]
[Round "?"]
[White "Haas, Bernhard"]
[Black "Nitschke, Norbert"]
[Result "1/2-1/2"]
[WhiteElo "1957"]
[BlackElo "2012"]
[PlyCount "91"]
[EventDate "2018.06.15"]
[EventType "tourn (corr)"]
[EventRounds "8"]
[EventCountry "GER"]
[SourceTitle "Corr 2022"]
[Source "ChessBase"]
[SourceDate "2021.10.24"]
[SourceVersion "1"]
[SourceVersionDate "2021.10.24"]
[SourceQuality "1"]

1. e4 e5 2. f4 d5 3. Nf3 dxe4 4. Nxe5 Nd7 5. d4 Nh6 6. c3 f6 7. Nxd7 Bxd7 8. Qb3 Rb8 9. Be2 Be7 10. 0-0 f5 11. Bh5+ g6 12. Be2 a5 13. a4 Nf7 14. Na3 0-0 15. Be3 b6 16. Nc4 Be6 17. Rad1 Kh8 18. Qc2 Bxc4 19. Bxc4 Nd6 20. Be6 Ne8 21. Qe2 Qd6 22. Bc4 Nf6 23. d5 h6 24. Bd4 Qd8 25. Bb5 Bd6 26. g3 Qe7 27. Kg2 Rbd8 28. Bc6 Kh7 29. h3 Nh5 30. Be3 Rg8 31. Bb5 Rdf8 32. Rd2 Bc5 33. Bd4 Bxd4 34. Rxd4 Nf6 35. h4 Rd8 36. Qd2 Rd6 37. Rd1 Rgd8 38. Bc6 Ng4 39. Rf1 Kg7 40. Bb7 Qf7 41. Bc6 Qe7 42. Bb7 Rf8 43. Ba6 Kh7 44. Bb5 Rh8 45. Bc6 Rf8 46. Bb5 1/2-1/2

[Event "GER T278-C31-S email"]
[Site "GER email"]
[Date "2018.05.28"]
[Round "?"]
[White "Haas, Bernhard"]
[Black "Speck, Stefan"]
[Result "1-0"]
[WhiteElo "1957"]
[BlackElo "1821"]
[PlyCount "73"]
[EventDate "2018.06.15"]
[EventType "tourn (corr)"]
[EventRounds "8"]
[EventCountry "GER"]
[SourceTitle "Corr 2022"]
[Source "ChessBase"]
[SourceDate "2021.10.24"]
[SourceVersion "1"]
[SourceVersionDate "2021.10.24"]
[SourceQuality "1"]

1. e4 e5 2. f4 d5 3. exd5 e4 4. d3 Nf6 5. dxe4 Nxe4 6. Nf3 c6 7. Bd3 cxd5 8. Bxe4 dxe4 9. Qxd8+ Kxd8 10. Ng5 Ke8 11. Nxe4 Nc6 12. Kf2 f6 13. Be3 Kf7 14. Nbc3 Bf5 15. Rad1 Bb4 16. Kf3 h5 17. h3 Bxc3 18. Nd6+ Kg6 19. Nxf5 Kxf5 20. bxc3 Rad8 21. c4 g5 22. g4+ Kg6 23. f5+ Kf7 24. c5 hxg4+ 25. hxg4 Rxh1 26. Rxh1 Kg7 27. Rb1 Rd7 28. Bf2 Ne5+ 29. Kg3 Kf8 30. Be1 Rc7 31. Bc3 Nd7 32. Kf3 b6 33. Bd4 bxc5 34. Bc3 Kf7 35. a4 Nb6 36. a5 Nc4 37. Rh1 1-0

[Event "GER T278-C31-S email"]
[Site "GER email"]
[Date "2018.05.28"]
[Round "?"]
[White "Nitschke, Norbert"]
[Black "Haas, Bernhard"]
[Result "1-0"]
[WhiteElo "2012"]
[BlackElo "1957"]
[PlyCount "97"]
[EventDate "2018.06.15"]
[EventType "tourn (corr)"]
[EventRounds "8"]
[EventCountry "GER"]
[SourceTitle "Corr 2022"]
[Source "ChessBase"]
[SourceDate "2021.10.24"]
[SourceVersion "1"]
[SourceVersionDate "2021.10.24"]
[SourceQuality "1"]

1. e4 e5 2. f4 d5 3. exd5 e4 4. d3 Nf6 5. dxe4 Nxe4 6. Nf3 Bc5 7. Qe2 Bf5 8. Nc3 Qe7 9. Be3 Nd7 10. Bxc5 Ndxc5 11. Nxe4 Bxe4 12. 0-0-0 0-0-0 13. g3 Rhe8 14. Bh3+ Kb8 15. Rhe1 Qf8 16. Qf2 Rxd5 17. Ne5 Rxd1+ 18. Rxd1 Ka8 19. Qd4 f5 20. Bf1 Ne6 21. Qc3 Rd8 22. Rxd8+ Qxd8 23. Bc4 Nd4 24. Qd2 Qd6 25. c3 Nf3 26. Qxd6 cxd6 27. Nxf3 Bxf3 28. Kd2 Kb8 29. Ke3 Bg4 30. a4 Kc7 31. a5 h6 32. Bd5 Bh3 33. Kd4 b6 34. axb6+ axb6 35. Bc4 Kc6 36. Bd3 Bg4 37. Bc2 Bh3 38. Ba4+ b5 39. Bb3 Bg4 40. Bc2 Kd7 41. Bd3 Kc6 42. b3 Bd1 43. b4 Bg4 44. c4 bxc4 45. Kxc4 Bh3 46. Bc2 d5+ 47. Kd4 Kd6 48. Bb3 Bg2 49. b5 1-0

[Event "Niederoesterreich Landesliga 1617"]
[Site "Austria"]
[Date "2017.04.23"]
[Round "11.2"]
[White "Haas, Bernhard"]
[Black "Koller, Hans Juergen"]
[Result "0-1"]
[WhiteElo "2013"]
[BlackElo "2120"]
[PlyCount "62"]
[EventDate "2016.10.02"]
[EventType "team-tourn"]
[EventRounds "11"]
[EventCountry "AUT"]
[SourceTitle "EXT 2018"]
[Source "ChessBase"]
[SourceDate "2017.10.13"]
[SourceVersion "1"]
[SourceVersionDate "2017.10.13"]
[SourceQuality "1"]
[WhiteTeam "Kottingbrunn"]
[BlackTeam "Amstetten"]
[WhiteTeamCountry "AUT"]
[BlackTeamCountry "AUT"]

1. d4 Nf6 2. c4 c5 3. d5 e6 4. Nc3 exd5 5. cxd5 d6 6. g3 g6 7. Bg2 Bg7 8. Nf3 0-0 9. 0-0 a6 10. a4 Re8 11. Nd2 Nbd7 12. h3 Rb8 13. Nc4 Ne5 14. Na3 Nh5 15. Kh2 f5 16. f4 Nf7 17. Qd3 Nf6 18. Nc4 Bd7 19. a5 Bb5 20. Re1 h5 21. e4 h4 22. gxh4 Ng4+ 23. Kg1 Qxh4 24. Be3 Nxe3 25. Rxe3 Bxc4 26. Qxc4 Bd4 27. Qd3 Qxf4 28. Rae1 Ne5 29. Qf1 Qxf1+ 30. Kxf1 Bxe3 31. Rxe3 f4 0-1

[Event "Niederoesterreich Landesliga 1617"]
[Site "Austria"]
[Date "2017.02.19"]
[Round "7.2"]
[White "Haas, Bernhard"]
[Black "Trippold, Denise"]
[Result "0-1"]
[WhiteElo "2013"]
[BlackElo "2066"]
[PlyCount "58"]
[EventDate "2016.10.02"]
[EventType "team-tourn"]
[EventRounds "11"]
[EventCountry "AUT"]
[SourceTitle "EXT 2018"]
[Source "ChessBase"]
[SourceDate "2017.10.13"]
[SourceVersion "1"]
[SourceVersionDate "2017.10.13"]
[SourceQuality "1"]
[WhiteTeam "Kottingbrunn"]
[BlackTeam "Baden Invest II"]
[WhiteTeamCountry "AUT"]
[BlackTeamCountry "AUT"]

1. d4 Nf6 2. c4 e6 3. g3 c5 4. d5 exd5 5. cxd5 d6 6. Nc3 g6 7. Bg2 Bg7 8. Nf3 0-0 9. 0-0 Re8 10. Nd2 a6 11. a4 Nbd7 12. Nc4 Ne5 13. Na3 Nh5 14. e4 f5 15. h3 b5 16. axb5 axb5 17. Ncxb5 Ba6 18. Be3 fxe4 19. Bxe4 Bxb5 20. Nxb5 Rxa1 21. Qxa1 Nc4 22. Bd3 Nxe3 23. fxe3 Rxe3 24. Qa7 Rxg3+ 25. Kh2 Rxd3 26. Qf7+ Kh8 27. Nc7 Rd2+ 28. Kh1 Ng3+ 29. Kg1 Bd4+ 0-1